000 00290nam a22001337a 4500
008 xxu||||| |||| 00| 0 eng d
020 _a9780786886043
041 _aeng
080 _a32
100 _a21
101 _aSHP
245 _aTHE RELATIONSHIP RESCUE WORKBOOK
_cMCGRAW,PH.C
942 _2udc
_cBK
999 _c18966
_d18966